TUTA GOLD - Mahmood - Testo Completo - Statistics

Statistiche generali
  • Questo quiz è stato fatto 328 volte
  • Il punteggio medio è 219 su 326
Statistiche sulle risposte
Risposta % Corretto
tu
98%
gold,
97%
gold
97%
tuta
97%
la
96%
ne
96%
i
94%
nel
94%
non
94%
Non
94%
a
93%
cellulari
93%
Cinque
93%
nella
92%
baby,
91%
richiamerò
90%
mi
87%
Mi
87%
chi
83%
Con
82%
di
82%
"fra”
82%
E
80%
è
80%
e
80%
quando
80%
Quando
80%
Ma
79%
ma
79%
nord
79%
zona
78%
Ballavamo
77%
fiori,
77%
fiori
77%
chiamavi
76%
metà
76%
zucchero,
76%
Se
73%
se
73%
fumavi
72%
pieni
70%
gilet
69%
un
69%
il
65%
le
65%
neri
64%
ti
63%
una
61%
Budapest
60%
numero
59%
in
58%
così
57%
jeans
57%
bitch
56%
blue
56%
noi
56%
partirò,
56%
sui
55%
al
53%
bianca,
53%
denti,
53%
Jeep
53%
oro
53%
po'
53%
sono
53%
Maglia
52%
paragonarmi
52%
sulla
52%
passerà,
51%
bravo
50%
abbastanza,
49%
del
49%
ho
48%
ricorderò
48%
soli
48%
tuo
47%
rincorrere
46%
era
45%
lo
45%
moonlight
44%
ricorderai
44%
cambio
43%
fake,
43%
fuori
40%
prese
40%
dei
39%
Paese",
39%
ad
38%
hanno
38%
tua
38%
medie
37%
testa
37%
bene
36%
come
36%
Come
36%
fatto
36%
giorni
36%
mai
36%
offese
36%
pianto
36%
può
36%
quella
36%
sembrare
36%
cambiare
35%
cognome
35%
night
35%
rave
35%
Dicevi:
34%
cambierò,
33%
dalle
33%
papà
33%
quartiere
33%
Sahara
33%
che
32%
lacrime
32%
madre
32%
nome,
32%
nome
32%
tue
32%
personalità
31%
consolerà
30%
fottendomi
30%
sai
30%
tenda,
30%
dimmi
29%
dire
29%
fottuta
29%
partirai,
29%
"Ritornatene
29%
senza
29%
Fumando
28%
prigione,
28%
Soffrire
28%
stare
28%
cambierai
27%
fino
27%
serve
27%
Dov'è
26%
l'amico
26%
all'alba,
25%
rancore
25%
Anche
24%
gente
24%
porto
24%
Diventata
22%
fiducia?
22%
curi
21%
l'aria
21%
raccontavi
21%
storie
21%
arida,
20%
richiederà
20%
Nessun quiz corrispondente trovato
Distribuzione punteggi
Percentuale di utenti per punteggio
Percentile per numero di risposta
I tuoi punteggi nel tempo
Non hai fatto questo quiz